000 00298nam a22001337a 4500
008 180918b xxu||||| |||| 00| 0 eng d
020 _a9780721659442
041 _aeng
080 _a169.9
100 _a48
101 _aPSI
245 _aTextbook Medical Physiology
_cHall.G
942 _2udc
_cBK
999 _c47957
_d47957